000 01146nam a2200253Ia 4500
003 GCL
008 140319s9999 xx 000 0 ara d
040 _aGCL /
_cGCL
082 0 4 _aد
_b050
_bدهـ
245 1 0 _aالهلال سبتمبر 2005 : حكام مصر من مينا الى مبارك
250 _aالاولى
260 _aالقاهرة :
_bدار الهلال للطباعة والنشر ،
_c2005
650 0 4 _aالحضارة الفرعونية
650 0 4 _aمصر - تاريخ - العصر الاسلامى
650 0 4 _aمصر القديمة - تاريخ - العصر الرومانى البيزنطى
650 0 4 _aمصر - تاريخ - العصر الحديث - حسنى مبارك ( 1981 - )
650 0 4 _aمصر - تاريخ - العصر الحديث - انور السادات (1971 - 1981)
650 0 4 _aمصر - تاريخ - العصر الاموى
650 0 4 _aمصر - تاريخ - العصر الحديث
650 0 4 _aمصر القديمة - تاريخ - عصر البطالمة
650 0 4 _aمصر القديمة - تاريخ
650 0 4 _aالحكام و القادة - مصر
942 _2ddc
_cCR
999 _c7746
_d7746